| 000 | 01101nam a2200241 i 4500 | ||
|---|---|---|---|
| 001 | 144243 | ||
| 003 | ES-MaACL | ||
| 005 | 20250812171206.0 | ||
| 007 | t| | ||
| 008 | 070214s1956 sp r ||||1| spa d | ||
| 245 | 0 | 0 |
_aSíndromes neurológicos en las malformaciones y lesiones degenerativas del estuche cráneo-vertebral y su tratamiento neuroquirúrgico / _cS. Obrador Alcalde ... [et al.] ; con una introducción embriológica por el prof. Orts Llorca. |
| 260 |
_aMadrid : _bPaz Montalvo, _c1956. |
||
| 300 |
_a341 p. ; _c24 cm. |
||
| 490 | 1 |
_aMonografías del Instituto de Investigaciones Clínicas y Médicas ; _v2 |
|
| 650 | 0 | 4 |
_aColumna vertebral- _xAnomalías y malformaciones. _911154 |
| 650 | 4 |
_aCráneo- _xEnfermedades. _9170506 |
|
| 700 | 1 |
_aObrador Alcalde, Sixto, _d1911-1978 _986417 |
|
| 700 | 1 |
_aOrts Llorca, Francisco ( _d1905-1993) _987673 |
|
| 710 | 2 |
_aInstituto de Investigaciones Clínicas y Médicas (Madrid) _94968 |
|
| 830 | 0 |
_aMonografías del Instituto de Investigaciones Clínicas y Médicas ; _v2 _9220655 |
|
| 852 |
_aES-MaACL _jC-11720 |
||
| 999 |
_c144243 _d144243 |
||